| 000 | 00641nam a2200217 a 4500 | ||
|---|---|---|---|
| 999 |
_c5725 _d5725 |
||
| 005 | 20200601115810.0 | ||
| 008 | 200601b ||||| |||| 00| 0 spa d | ||
| 040 |
_aCO-BoIAVH _cCO-BoIAVH |
||
| 041 | _aeng | ||
| 082 | _a595.789 | ||
| 090 |
_aLB _b04981 |
||
| 100 |
_aEmsley, Michael G. _992366 |
||
| 245 |
_aSpeciation in Heliconius (Lep., Nymphalidae) _bMorphology and geographic distribution |
||
| 260 |
_aNew York _bs.n. _c1965 |
||
| 300 | _a191-254 p. | ||
| 650 | 0 |
_aMariposas _9103226 |
|
| 650 | 0 |
_aMariposas _xMorfología _956587 |
|
| 650 | 0 |
_aMariposas _xUbicación geográfica _9103227 |
|
| 942 |
_cLIBRO _2ddc |
||
| 945 | _d2007-08-01 | ||